000 00559nam a2200181Ia 4500
008 100917s9999 xx 000 0 und d
082 _b25415
100 _aगोडबोले श्या. वि.
245 _aविश्वाचे अलंकार
260 _bअनिरूध्द सा.
_c1975
300 _a104
365 _b4.5
520 _aचरित्र
630 _aविश्वाचे अलंकार
650 _aचरित्र
730 _aविश्वाचे अलंकार
942 _cBOOK
999 _c630809
_d630806